00815 2200301 4500001002100000005001500021035002000036007000300056040001700059100002800076245004500104250001200149300003600161504002300197041000800220082000800228084001400236090002200250264004900272336002100321337003000342338002300372650001200395700003000407850001000437008004100447990002500488INLIS00000000000742220260602025315 a0010-0822000396ta aSBPUPADbind0 aAang SonhajiePengarang1 aAneka Olahan Dari Jagung /cAang Sonhaji a.-cet.1 a76 hlm :bilus. ;c14,5x20,5 cm aBibliografi hlm 7607aind a641 a641 AAN a a641 AAN a L20-6 a.--Bandung :bCv Wahana Iptek Bandung,c2008 2rdacontentateks 2rdamediaatanpa perantara 2rdacarrieravolume 4aKuliner0 aEditor HaryosoePengarang aPUPAD260602 0  a8755/H/KAPD-PGD/2009